Mālavikāgnimitram / (Record no. 37600)

MARC details
000 -LEADER
fixed length control field 01061cam a2200265 a 4500
001 - CONTROL NUMBER
control field ltf91050018
003 - CONTROL NUMBER IDENTIFIER
control field DLC
005 - DATE AND TIME OF LATEST TRANSACTION
control field 20260227111553.0
008 - FIXED-LENGTH DATA ELEMENTS--GENERAL INFORMATION
fixed length control field 910520s1890 ii 001 d eng
010 ## - LIBRARY OF CONGRESS CONTROL NUMBER
LC control number ltf91050018
040 ## - CATALOGING SOURCE
Original cataloging agency DLC
Transcribing agency DLC
050 00 - LIBRARY OF CONGRESS CALL NUMBER
Classification number PK3796
Item number .M2 1890
100 0# - MAIN ENTRY--PERSONAL NAME
Personal name Kālidāsa.
240 10 - UNIFORM TITLE
Uniform title Mālavikāgnimitra
245 10 - TITLE STATEMENT
Title Mālavikāgnimitram /
Statement of responsibility, etc. Kālidāsaviracitam ; Kāṭayavemabhūpaviracitena Kumāragirirājīyena vyākhyānena sametam ; Kāśīnātha Pāṇḍuraṅga Paraba ityanena viṣamapadavimarśinyā ṭippaṇyā sahitaṃ saṃśodhitam.
246 15 - VARYING FORM OF TITLE
Title proper/short title Mâlavikâgnimitra of Kâlidâsa
260 ## - PUBLICATION, DISTRIBUTION, ETC.
Place of publication, distribution, etc. Mumbaī :
Name of publisher, distributor, etc. Nirṇayasāgarayantra,
Date of publication, distribution, etc. 1890.
300 ## - PHYSICAL DESCRIPTION
Extent 108, 44, 2 p. ;
Dimensions 21 cm.
500 ## - GENERAL NOTE
General note Play.
546 ## - LANGUAGE NOTE
Language note In Sanskrit with notes in English.
500 ## - GENERAL NOTE
General note Includes index.
500 ## - GENERAL NOTE
General note LC copy: Weber Collection 1271; handwritten notes by Albrecht Weber.
Institution to which field applies DLC
700 1# - ADDED ENTRY--PERSONAL NAME
Personal name Paraba, Kāśīnātha Pāṇḍuraṅga.
700 02 - ADDED ENTRY--PERSONAL NAME
Personal name Kāṭayavema,
Dates associated with a name active 14th century-15th century.
Title of a work Kumārarājīya.

No items available.

Powered by Koha